000 00478nam a2200205Ia 4500
005 20250425162045.0
008 250425s9999 xx 000 0 und d
020 _a9701031954
041 _aspa
082 _a745.4
100 _aVON WODTKE, MARK
245 0 _aDISEÑO CON HERRAMIENTAS DIGITALES
250 _a1A ED.
260 _aMEXICO
260 _aMéxico
_bMCGRAW-HILL
_c2001
300 _a284
650 _aDISEÑO DE GRAFICOS
942 _c01
010 _a44934
999 _c221491
_d221491